01575nam a2200397 i 450000100060000000300080000600500170001400600190003100700150005000800410006502000270010602000180013303500230015103500240017403500250019803500210022304000310024405000240027508200160029910000360031524500940035125000230044526400950046830000580056333600310062133700330065233800430068550400640072858801240079260000480091665000410096465000350100565500270104070000480106785600620111529415FlNmELB20241216220134.0m o d | cr cnu||||||||150608s2000 mx a ob 000 0bspa  a9781512900569 (e-book) z9789707010147 a(MiAaPQ)EBC3229368 a(Au-PeEL)EBL3229368 a(CaPaEBR)ebr11046457 a(OCoLC)992076797 aFINmELBbspaerdacFINmELB 4aNA759.R63bR66 20000 a720.9222231 aRomero Alvarez, Juan Guillermo.10aRamón Rodríguez Arangoiti, arquitecto del siglo XIX /cJuan Guillermo Romero Alvarez. aPrimera edición. 1a[Toluca] :bH. Ayuntamiento de Toluca ;aMéxico :bM.A. Porrúa Grupo Editorial,c2000. a1 recurso en línea (110 páginas) :bilustraciones atextobtxt2rdacontent/spa acomputadorabc2rdamedia/spa arecurso en líneabcr2rdacarrier/spa aIncluye referencias bibliográficas (páginas: 108-110). aDescripción basada en recurso en línea; Título de la página del título en PDF (e-libro, visto June 08, 2015).10aRodríguez Arangoiti, Ramón,d1830-1882. 4aArquitectoszMéxicovBiografías. 0aArchitectszMexicovBiography. 4aLibros electrónicos.1 aRodríguez Arangoiti, Ramón,d1830-1882.40uhttps://elibro.net/ereader/politecnicointernacional/74803